Five Most Democratic Countries by Continent - Statistics

General Stats
  • This quiz has been taken 64 times
  • The average score is 23 of 29
Answer Stats
Rank Answer % Correct
13 Canada
100%
29 United States
98%
16 Japan
96%
1 Norway
96%
4 Sweden
96%
5 Finland
94%
22 South Korea
94%
51 Brazil
92%
25 Chile
92%
6 Denmark
90%
3 Iceland
90%
47 South Africa
90%
14 Australia
88%
54 Argentina
87%
2 New Zealand
87%
14 Uruguay
85%
17 Costa Rica
81%
49 Suriname
79%
10 Taiwan
77%
80 Fiji
71%
45 Jamaica
71%
30 Israel
69%
72 Papua New Guinea
63%
33 Botswana
54%
43 Trinidad and Tobago
54%
65 Ghana
50%
40 Malaysia
48%
20 Mauritius
48%
57 Namibia
44%
No matching quizzes found
Score Distribution
Percent of People with Each Score
Percentile by Number Answered
Your Score History
You have not taken this quiz